000 00501nam a2200169 i 4500
001 59129
003 ES-MaACL
005 20230906163954.0
007 t|
008 031027s1964 sp ||||1| spa d
100 1 _aElia, Mario.
_946951
245 1 3 _aEl silencio de los jóvenes /
_cMario Elia ; versión española por Antonio Molina Meliá.
260 _aAlcoy :
_bMarfil,
_c1964.
300 _a425 p. ;
_c21 cm.
700 1 _aMolina Meliá, Antonio.
_981951
852 _aES-MaACL
_jC-26625
_bR.55502
999 _c59129
_d59129